Freguesias do Porto - Statistics

General Stats
  • This quiz has been taken 6 times
  • The average score is 132 of 388
Answer Stats
Concelho Freguesia % Correct
Paços de Ferreira Freamunde
100%
Paços de Ferreira Paços de Ferreira
100%
Porto (Sede) Bonfim
75%
Porto (Sede) Campanhã
75%
Vila Nova de Gaia | Vila do Conde Canidelo
75%
Valongo Ermesinde
75%
Felgueiras | Paredes Lordelo
75%
Vila do Conde Mindelo
75%
Porto (Sede) Miragaia
75%
Lousada | Porto (Sede) Nevogilde
75%
Póvoa de Varzim Póvoa de Varzim
75%
Porto (Sede) Ramalde
75%
Gondomar São Pedro da Cova
75%
Porto (Sede)
75%
Penafiel Abragão
50%
Maia Águas Santas
50%
Paredes Aguiar de Sousa
50%
Felgueiras Aião
50%
Felgueiras Airães
50%
Porto (Sede) Aldoar
50%
Valongo Alfena
50%
Lousada Alvarenga
50%
Baião Ancede
50%
Vila do Conde Arcos
50%
Póvoa de Varzim Argivai
50%
Vila do Conde Árvore
50%
Lousada | Vila do Conde Aveleda
50%
Santo Tirso Aves
50%
Vila Nova de Gaia Avintes
50%
Vila do Conde Azurara
50%
Paredes Baltar
50%
Lousada Barrosas (Santo Estêvão)
50%
Penafiel Boelhe
50%
Lousada Boim
50%
Penafiel Cabeça Santa
50%
Lousada Caíde de Rei
50%
Paços de Ferreira Carvalhosa
50%
Lousada Casais
50%
Porto (Sede) Cedofeita
50%
Lousada Cernadelo
50%
Paredes Cete
50%
Paços de Ferreira Codessos
50%
Marco de Canaveses Constance
50%
Lousada Covas
50%
Paredes Cristelo
50%
Lousada Cristelos
50%
Matosinhos Custóias
50%
Paços de Ferreira Eiriz
50%
Póvoa de Varzim Estela
50%
Paços de Ferreira Ferreira
50%
Penafiel Figueira
50%
Lousada Figueiras
50%
Paços de Ferreira Figueiró
50%
Amarante Figueiró (Santa Cristina)
50%
Amarante Figueiró (Santiago)
50%
Porto (Sede) Foz do Douro
50%
Paços de Ferreira Frazão
50%
Penafiel Galegos
50%
Paredes Gondalães
50%
Vila Nova de Gaia Grijó
50%
Matosinhos Guifões
50%
Penafiel Guilhufe
50%
Felgueiras Idães
50%
Penafiel Irivo
50%
Lousada Lodares
50%
Porto (Sede) Lordelo do Ouro
50%
Lousada Lustosa
50%
Penafiel Luzim
50%
Lousada Macieira
50%
Amarante | Paredes | Vila Nova de Gaia Madalena
50%
Vila Nova de Gaia Mafamude
50%
Felgueiras Margaride (Santa Eulália)
50%
Porto (Sede) Massarelos
50%
Lousada Meinedo
50%
Paços de Ferreira Meixomil
50%
Penafiel Milhundos
50%
Vila do Conde Modivas
50%
Maia Moreira
50%
Lousada Nespereira
50%
Lousada | Maia Nogueira
50%
Amarante Oliveira
50%
Amarante Olo
50%
Lousada Ordem
50%
Baião Ovil
50%
Penafiel Paço de Sousa
50%
Vila do Conde Parada
50%
Porto (Sede) Paranhos
50%
Penafiel Paredes
50%
Paços de Ferreira Penamaior
50%
Matosinhos Perafita
50%
Vila Nova de Gaia Perozinho
50%
Lousada Pias
50%
Felgueiras | Penafiel Pinheiro
50%
Paços de Ferreira Raimonda
50%
Felgueiras Rande
50%
Paredes Rebordosa
50%
Paredes Recarei
50%
Penafiel Recezinhos (São Mamede)
50%
Penafiel Recezinhos (São Martinho)
50%
Marco de Canaveses Rio de Galinhas
50%
Penafiel Rio de Moinhos
50%
Penafiel | Vila do Conde Rio Mau
50%
Gondomar Rio Tinto
50%
Marco de Canaveses Rosem
50%
Marco de Canaveses Sande
50%
Vila Nova de Gaia Sandim
50%
Lousada Santa Margarida
50%
Vila Nova de Gaia Santa Marinha
50%
Baião Santa Marinha do Zêzere
50%
Penafiel Santiago de Subarrifana
50%
Porto (Sede) Santo Ildefonso
50%
Lousada São Miguel
50%
Marco de Canaveses | Porto (Sede) São Nicolau
50%
Penafiel Sebolido
50%
Matosinhos Senhora da Hora
50%
Paços de Ferreira Seroa
50%
Lousada Silvares
50%
Valongo Sobrado
50%
Paredes Sobreira
50%
Marco de Canaveses Sobretâmega
50%
Paredes Sobrosa
50%
Lousada Sousela
50%
Amarante Telões
50%
Lousada Torno
50%
Baião | Vila Nova de Gaia Valadares
50%
Gondomar Valbom
50%
Valongo Valongo
50%
Amarante | Felgueiras Várzea
50%
Felgueiras Varziela
50%
Marco de Canaveses Vila Boa de Quires
50%
Vila do Conde Vila Chã
50%
Penafiel Vila Cova
50%
Felgueiras Vila Cova da Lixa
50%
Vila do Conde Vilar
50%
Paredes Vilela
50%
Porto (Sede) Vitória
50%
Felgueiras Vizela (São Jorge)
50%
Amarante Aboim
25%
Santo Tirso Agrela
25%
Santo Tirso Água Longa
25%
Póvoa de Varzim Aguçadoura
25%
Lousada Alentém
25%
Marco de Canaveses Aliviada
25%
Marco de Canaveses Alpendurada e Matos
25%
Trofa Alvarelhos
25%
Póvoa de Varzim Amorim
25%
Amarante Ansiães
25%
Vila Nova de Gaia Arcozelo
25%
Santo Tirso Areias
25%
Marco de Canaveses Ariz
25%
Paços de Ferreira Arreigada
25%
Paredes Astromil
25%
Amarante Ataíde
25%
Póvoa de Varzim A Ver-o-Mar
25%
Marco de Canaveses Avessadas
25%
Maia Avioso (Santa Maria)
25%
Maia Avioso (São Pedro)
25%
Gondomar Baguim do Monte
25%
Vila do Conde Bagunte
25%
Marco de Canaveses Banho e Carvalhosa
25%
Maia Barca
25%
Paredes Beire
25%
Póvoa de Varzim Beiriz
25%
Paredes Bitarães
25%
Felgueiras Borba de Godim
25%
Santo Tirso Burgães
25%
Amarante | Penafiel Bustelo
25%
Baião Campelo
25%
Valongo Campo
25%
Santo Tirso Campo (São Martinho)
25%
Amarante Canadelo
25%
Amarante Candemil
25%
Penafiel | Vila Nova de Gaia Canelas
25%
Penafiel Capela
25%
Felgueiras Caramos
25%
Amarante Carneiro
25%
Santo Tirso Carreira
25%
Penafiel Castelões
25%
Paredes Castelões de Cepeda
25%
Amarante Cepelos
25%
Amarante Chapa
25%
Baião | Trofa Covelas
25%
Gondomar Covelo
25%
Vila Nova de Gaia Crestuma
25%
Penafiel Croca
25%
Paredes | Penafiel Duas Igrejas
25%
Penafiel Eja
25%
Gondomar Fânzeres
25%
Marco de Canaveses Favões
25%
Vila do Conde Ferreiró
25%
Maia Folgosa
25%
Marco de Canaveses Folhada
25%
Penafiel Fonte Arcada
25%
Vila do Conde Fornelo
25%
Marco de Canaveses Fornos
25%
Gondomar Foz do Sousa
25%
Amarante Fregim
25%
Marco de Canaveses Freixo
25%
Amarante Freixo de Baixo
25%
Amarante Freixo de Cima
25%
Baião Frende
25%
Felgueiras Friande
25%
Amarante Fridão
25%
Paredes Gandra
25%
Amarante Gatão
25%
Maia Gemunde
25%
Baião Gestaçô
25%
Amarante Gondar
25%
Maia Gondim
25%
Amarante Gouveia (São Simão)
25%
Baião Gove
25%
Baião Grilo
25%
Maia Gueifães
25%
Trofa Guidões
25%
Vila do Conde Guilhabreu
25%
Vila Nova de Gaia Gulpilhares
25%
Amarante Jazente
25%
Gondomar Jovim
25%
Felgueiras Jugueiros
25%
Vila do Conde Labruge
25%
Felgueiras | Penafiel Lagares
25%
Santo Tirso Lamelas
25%
Paços de Ferreira Lamoso
25%
Póvoa de Varzim Laundos
25%
Matosinhos Lavra
25%
Matosinhos Leça da Palmeira
25%
Matosinhos Leça do Balio
25%
Vila Nova de Gaia Lever
25%
Baião Loivos da Ribeira
25%
Baião Loivos do Monte
25%
Amarante | Gondomar Lomba
25%
Amarante | Paredes Louredo
25%
Amarante Lufrei
25%
Felgueiras Macieira da Lixa
25%
Vila do Conde Macieira da Maia
25%
Marco de Canaveses Magrelos
25%
Maia Maia
25%
Vila do Conde Malta
25%
Amarante Mancelos
25%
Marco de Canaveses Manhuncelos
25%
Penafiel Marecos
25%
Matosinhos Matosinhos
25%
Marco de Canaveses Maureles
25%
Gondomar Medas
25%
Gondomar Melres
25%
Baião Mesquinhata
25%
Maia Milheirós
25%
Paços de Ferreira Modelos
25%
Santo Tirso Monte Córdova
25%
Felgueiras Moure
25%
Paredes Mouriz
25%
Póvoa de Varzim Navais
25%
Santo Tirso Negrelos (São Mamede)
25%
Santo Tirso Negrelos (São Tomé)
25%
Penafiel Novelas
25%
Penafiel Oldrões
25%
Vila Nova de Gaia Olival
25%
Vila Nova de Gaia Oliveira do Douro
25%
Vila do Conde Outeiro Maior
25%
Marco de Canaveses Paços de Gaiolo
25%
Amarante Padronelo
25%
Santo Tirso Palmeira
25%
Marco de Canaveses Paredes de Viadores
25%
Felgueiras Pedreira
25%
Vila Nova de Gaia Pedroso
25%
Felgueiras Penacova
25%
Penafiel Penafiel
25%
Marco de Canaveses Penha Longa
25%
Penafiel Peroselo
25%
Felgueiras Pombeiro de Ribavizela
25%
Penafiel Portela
25%
Penafiel Rans
25%
Amarante Real
25%
Amarante Rebordelo
25%
Santo Tirso Rebordões
25%
Santo Tirso Refojos de Riba de Ave
25%
Felgueiras Refontoura
25%
Felgueiras Regilde
25%
Vila do Conde Retorta
25%
Felgueiras Revinhade
25%
Baião Ribadouro
25%
Amarante Salvador do Monte
25%
Paços de Ferreira Sanfins de Ferreira
25%
Matosinhos Santa Cruz do Bispo
25%
Baião Santa Cruz do Douro
25%
Baião Santa Leocádia
25%
Penafiel Santa Marta
25%
Felgueiras Santão
25%
Marco de Canaveses Santo Isidoro
25%
Santo Tirso Santo Tirso
25%
Gondomar São Cosme
25%
Vila Nova de Gaia São Félix da Marinha
25%
Amarante São Gonçalo
25%
Marco de Canaveses São Lourenço do Douro
25%
Matosinhos São Mamede de Infesta
25%
Trofa São Mamede do Coronado
25%
Trofa São Martinho do Bougado
25%
Vila Nova de Gaia São Pedro da Afurada
25%
Maia São Pedro Fins
25%
Trofa São Romão do Coronado
25%
Vila Nova de Gaia Seixezelo
25%
Felgueiras Sendim
25%
Santo Tirso Sequeiró
25%
Vila Nova de Gaia Sermonde
25%
Felgueiras Sernande
25%
Vila Nova de Gaia Serzedo
25%
Felgueiras Sousa
25%
Marco de Canaveses Tabuado
25%
Baião Teixeira
25%
Baião Teixeiró
25%
Póvoa de Varzim Terroso
25%
Felgueiras Torrados
25%
Marco de Canaveses Torrão
25%
Vila do Conde Tougues
25%
Vila do Conde Touguinha
25%
Vila do Conde Touguinhó
25%
Marco de Canaveses Toutosa
25%
Amarante Travanca
25%
Baião Tresouras
25%
Marco de Canaveses Tuias
25%
Felgueiras Unhão
25%
Penafiel Urrô
25%
Vila do Conde Vairão
25%
Paredes Vandoma
25%
Marco de Canaveses Várzea da Ovelha
25%
Marco de Canaveses Várzea do Douro
25%
Maia Vermoim
25%
Baião Viariz
25%
Marco de Canaveses Vila Boa do Bispo
25%
Amarante Vila Caiz
25%
Amarante Vila Chão do Marão
25%
Paredes Vila Cova de Carros
25%
Vila do Conde Vila do Conde
25%
Felgueiras Vila Fria
25%
Amarante Vila Garcia
25%
Maia Vila Nova da Telha
25%
Vila Nova de Gaia Vilar de Andorinho
25%
Vila do Conde Vilar de Pinheiro
25%
Vila Nova de Gaia Vilar do Paraíso
25%
Lousada Vilar do Torno e Alentém
25%
Santo Tirso Vilarinho
25%
Felgueiras Vila Verde
25%
Amarante Aboadela
0%
Póvoa de Varzim Balazar
0%
Paredes Besteiros
0%
Amarante Carvalhal de Rei
0%
Santo Tirso Couto (Santa Cristina)
0%
Santo Tirso Couto (São Miguel)
0%
Vila do Conde Fajozes
0%
Vila do Conde Gião
0%
Santo Tirso Guimarei
0%
Vila do Conde Junqueira
0%
Santo Tirso Lama
0%
Porto (Sede) Lordelo do Ouro e Massarelos
0%
Vila do Conde Mosteiró
0%
Paredes Parada de Todeia
0%
Maia Pedrouços
0%
Póvoa de Varzim Rates
0%
Santo Tirso Reguenga
0%
Santo Tirso Roriz
0%
Amarante Sanche
0%
Trofa Santiago do Bougado
0%
Trofa São Cristovão do Muro
0%
Santo Tirso São Salvador do Campo
0%
Amarante São Veríssimo
0%
Maia Silva Escura
0%
Marco de Canaveses Soalhães
0%
Penafiel Valpedre
0%
Marco de Canaveses Várzea da Ovelha e Aliviada
0%
No matching quizzes found
Score Distribution
Percent of People with Each Score
Percentile by Number Answered
Your Score History
You have not taken this quiz